header

Selected papers from fifth international conference on information communication technologies in education 2004, Samos Island Greece (Record no. 49766)

MARC details
000 -LEADER
fixed length control field 01251nam a2200277Ia 4500
245 00 - TITLE STATEMENT
Title Selected papers from fifth international conference on information communication technologies in education 2004, Samos Island Greece
260 ## - PUBLICATION, DISTRIBUTION, ETC. (IMPRINT)
Place of publication Bradford, England :
Name of publisher Emerald Group Publishing,
Year of publication c2005.
300 ## - PHYSICAL DESCRIPTION
Number of Pages 52 p.
490 0# - SERIES STATEMENT
Series statement Campus-wide information systems the international journal of information and learning technology ;
650 #0 - SUBJECT ADDED ENTRY--TOPICAL TERM
Topical Term Computer networks.
Topical Term Library science.
700 1# - ADDED ENTRY--PERSONAL NAME
Personal name Fernstrom, Ken.
856 40 - ELECTRONIC LOCATION AND ACCESS
Uniform Resource Identifier http://site.ebrary.com/lib/rucke/Doc?id=10085652

No items available.

© 2026 Rongo University
Contact us: librarian | system librarian | Rongo university